انجيل الأبن / (رقم التسجيلة. 122513)

تفاصيل مارك
000 -LEADER
fixed length control field 00582nam a22001937a 4500
005 - DATE AND TIME OF LATEST TRANSACTION
control field 20251108174946.0
008 - FIXED-LENGTH DATA ELEMENTS--GENERAL INFORMATION
fixed length control field 250721s2004 xx 000 0 ara d
082 14 - DEWEY DECIMAL CLASSIFICATION NUMBER
Classification number ق/ميل
100 1# - MAIN ENTRY--PERSONAL NAME
Personal name ميلر، نورمان
Relator term مؤلف
245 10 - TITLE STATEMENT
Title انجيل الأبن /
264 1# - PRODUCTION, PUBLICATION, DISTRIBUTION, MANUFACTURE, AND COPYRIGHT NOTICE
Place of production, publication, distribution, manufacture عمان :
Name of producer, publisher, distributor, manufacturer دار أزمنة للنشر والتوزيع،
Date of production, publication, distribution, manufacture, or copyright notice 2004.
300 ## - PHYSICAL DESCRIPTION
Extent 176 ص.
490 0# - SERIES STATEMENT
Series statement إبداعات عالمية
650 17 - SUBJECT ADDED ENTRY--TOPICAL TERM
Topical term or geographic name as entry element القصص العربية
650 17 - SUBJECT ADDED ENTRY--TOPICAL TERM
Topical term or geographic name as entry element الأدب العربي
700 1# - ADDED ENTRY--PERSONAL NAME
Personal name ديب، ثائر
Relator term مترجم
942 ## - ADDED ENTRY ELEMENTS (KOHA)
Source of classification or shelving scheme Dewey Decimal Classification
Koha item type كتب
المقتنيات
حالة السحب حالة الفقدان مصدر التصنيف حالة التلف غير قابل للإعارة المكتبة الرئيسية المكتبة الحالية موقع الرف تاريخ التزويد الرقم المتسلسل Total Checkouts رقم الإستدعاء تاريخ آخر ظهور تاريخ الفاتورة نوع المادة (كوها) الباركود
    Dewey Decimal Classification     المكتبة المركزية المكتبة المركزية مقتنيات قسم التزويد 28/07/2025 1430349   ق/ميل 28/07/2025 28/07/2025 كتب  
    Dewey Decimal Classification     المكتبة المركزية المكتبة المركزية مقتنيات قسم التزويد 28/07/2025 1740202   ق/ميل 28/07/2025 28/07/2025 كتب  
    Dewey Decimal Classification     المكتبة المركزية المكتبة المركزية   28/07/2025 1761090   ق/ميل 28/07/2025 28/07/2025 كتب  
    Dewey Decimal Classification     مكتبة أبو علندا العامة مكتبة أبو علندا العامة الإعارة 24/01/2011 1430352   ق/ميل 28/07/2025 24/01/2011 كتب PLD00184583
    Dewey Decimal Classification     مكتبة أم قصير والمقابلين العامة مكتبة أم قصير والمقابلين العامة الإعارة 24/01/2011 1430358   ق/ميل 28/07/2025 24/01/2011 كتب PLD00184589
    Dewey Decimal Classification     مكتبة الأميرة ايمان العامة مكتبة الأميرة ايمان العامة الإعارة 24/01/2011 1430351   ق/ميل 28/07/2025 24/01/2011 كتب PLD00184582
    Dewey Decimal Classification     مكتبة الاميرة بديعة مكتبة الاميرة بديعة الإعارة 24/01/2011 1430353   ق/ميل 28/07/2025 24/01/2011 كتب PLD00184584
    Dewey Decimal Classification     مكتبة الجويدة مكتبة الجويدة الإعارة 24/01/2011 1430354   ق/ميل 28/07/2025 24/01/2011 كتب PLD00184585
Implemented & Customized by: BBB with SCIT (Smart Chains for Information Technology)

Powered by Koha